Media Management and Quality Assurance / (Record no. 536331)

000 -LEADER
fixed length control field 00636nam a22001697a 4500
082 ## - DEWEY DECIMAL CLASSIFICATION NUMBER
Classification number 005
100 ## - MAIN ENTRY--PERSONAL NAME
Personal name Anwar, Hummad ; Mahmod, Muhammad Umais ; Khaliq, Osaid ; Naveed, Rafay
245 ## - TITLE STATEMENT
Title Media Management and Quality Assurance /
Statement of responsibility, etc. Hummad Anwar ; Muhammad Umais Mahmod ; Osaid Khaliq ; Rafay Naveed
260 ## - PUBLICATION, DISTRIBUTION, ETC.
Place of publication, distribution, etc. Islamabad :
Name of publisher, distributor, etc. SEECS - NUST,
Date of publication, distribution, etc. 2008.
300 ## - PHYSICAL DESCRIPTION
Extent Var. p. ;
Dimensions 30cm.
563 ## - BINDING INFORMATION
Binding note HB
650 ## - SUBJECT ADDED ENTRY--TOPICAL TERM
Topical term or geographic name entry element Computer Science-Project Report
700 ## - ADDED ENTRY--PERSONAL NAME
Personal name Mr. Muhammad Yousaf
856 ## - Uniform Resource Identifier
Uniform Resource Identifier <a href="http://10.250.8.41:8080/xmlui/handle/123456789/29583">http://10.250.8.41:8080/xmlui/handle/123456789/29583</a>
942 ## - ADDED ENTRY ELEMENTS (KOHA)
Source of classification or shelving scheme
Koha item type Project Report
700 ## - ADDED ENTRY--PERSONAL NAME
-- 31155
Holdings
Withdrawn status Lost status Source of classification or shelving scheme Damaged status Not for loan Permanent Location Current Location Shelving location Date acquired Full call number Barcode Date last seen Price effective from Koha item type
WITHDRAWN         Central Library (CL) Central Library (CL) Thesis 10/13/2020 005 CL-BP-637 10/13/2020 10/13/2020 Project Report
© 2023 Central Library, National University of Sciences and Technology. All Rights Reserved.